| 000 | 00642nam a2200193 4500 | ||
|---|---|---|---|
| 999 |
_c164256 _d164256 |
||
| 005 | 20190514170356.0 | ||
| 010 | _aENG-125185 | ||
| 020 |
_a9788181523167 _c850.00 |
||
| 035 | _aEN-108717 | ||
| 037 | _bDBAD/PUB | ||
| 082 | _a808.88 | ||
| 100 | _aKrishna Kant Singh | ||
| 245 |
_aA study in contemporary Indian english novels/ _cby Krishna Kant Singh |
||
| 260 |
_aJaipur _bBook Enclave _c2013 |
||
| 270 |
_aF-11, S.S Tower, Dhamani Street, Chaura Rasta _bJaipur _e302003 _mbookenclave@yahoo.com |
||
| 300 |
_a227p. _c22cm(Hb) |
||
| 500 | _aIncludes bibliographical references and index | ||
| 942 |
_2ddc _cEN _h808.00 _mKRI |
||